zpět

Detail výsledku týmu

Be Friendly, Praha

Datum a čas kvízu

36.5 Celkem bodů Celkový počet nahraných bodů na tomto kvízu bez doplňovacích otázek.
1. Pořadí na kvízu Konečné umístění týmu na tomto kvízu.

Zaznamenané odpovědi

# Otázka Odpověď Body Výsledky
1. Na Úřadu vlády se minulý týden... 1
2. Zmatek a nepochopení vyvolal m... 1
3. Zpěvák Janek Ledecký, moderáto... 1
4. Evropská organizace pro jadern... 1
5. Jak se jmenuje česká sportovky... 1
6. Rodné číslo je jednoznačný čís... 1
7. Aby bylo možno snadno detekova... 1
8. Která z uvedených kombinací NE... 1
9. Změna rodného čísla během živo... 1
10. S rodnými čísly souvisí i obča... 1